| 000 | 00787nas a2200265 4500 | ||
|---|---|---|---|
| 001 | BR8403349 | ||
| 003 | BR-BrBNA | ||
| 005 | 20231205085939.0 | ||
| 007 | ta | ||
| 008 | 230509b bl.|||p| |||| 00| 00por d | ||
| 040 |
_aBR-BrBNA _bpor _cBiblioteca Nacional de Agricultura |
||
| 041 | _a(Pt) | ||
| 072 | _aF60; L32 | ||
| 100 | 1 | _aBotrel, M.A. | |
| 100 | 1 | _aNovelly, P.E. | |
| 245 | 1 | _aProducao de materia seca de aveia e azevem irrigados [pastagem, forrageira de inverno, Brasil] | |
| 650 | _aPASTAGEM | ||
| 650 | _aFORRAGEIRA DE INVERNO | ||
| 650 | _aMATERIA SECA | ||
| 650 | _aAVEIA | ||
| 650 | _aAZEVEM | ||
| 773 | 0 |
_tBalde Branco (Brazil) _xISSN 0005-4275 _g(Sep 1984), v. 18(239) p. 10-14 _wBR8403349 |
|
| 909 |
_a202311 _bLúcia _c55 _dLúcia Elande |
||
| 942 |
_2AGRIS _n0 _cANA |
||
| 999 |
_c115030 _d115030 |
||